Avatar (2009) - Statistics

General Stats
  • This quiz has been taken 400 times
  • The average score is 12 of 21
Answer Stats
Hint Answer % Correct
Main character, paraplegic Jake Sully
99%
Female warrior, daughter of the clan leader, MC's lover Neytiri
88%
Researcher, avatar controller Grace Augustine
84%
Planet lived on Pandora
83%
Researcher, avatar controller, MC's friend Norm Spellman
76%
Military leader, enemy Colonel Quaritch
72%
Winged creature, can only have one rider in their life Ikran, banshee
67%
Main characters brother, deceased Tom Sully
67%
Chosen weapon for battle, made from the wood of their home Bow
62%
Warrior, will become the next clan leader Tsu'tey
62%
Pilot, fought on MC's side Trudy Chacon
61%
^^ Mother, Tsahik Mo'at
53%
The best singer in the village Ninat
52%
Famed rider of one of ^, bigger than the rest Toruk Makto
52%
Clan name, the name of the people Omaticaya
45%
^ Lived here, was destroyed Hometree
43%
Sacred place, only the Na'vi people can go there Tree of Souls
36%
Researcher, doctor, helps MC escape Max Patel
35%
^ Father, clan leader, warrior Eytukan
30%
Business man, leader of whole operation, plays golf Parker Selfridge
30%
The best hunter in the village Peyral
11%
No matching quizzes found
Score Distribution
Percent of People with Each Score
Percentile by Number Answered
Your Score History
You have not taken this quiz